000 00579nam a22001217a 4500
040 _cRUA
082 _aLMA LON 2024 B701 Or.1
100 _aLONG BUNLA, ឡុង ប៊ុនឡា
245 _aStudy On Land Market Trend In Rolous Commune, Svay Chek District, Banteay Mean Chey Province,សិក្សាការប្រែប្រួលទីផ្សារដីធ្លី ឃុំរលួស ស្រុកស្វាយចេក ខេត្តបន្ទាយមានជ័យ
260 _aPHNOM PENH
_bRUA
_c2024
300 _ax,
_bill,
_c29cm,
942 _cLMA
999 _c25327
_d25327